[Event "Mariupol CC 50th Aniversary"]
[Site "Mariupol"]
[Date "2021.06.13"]
[Round "9"]
[White "Basova, Polina"]
[Black "Basova, Yuliya"]
[Result "1/2-1/2"]
[WhiteElo "1514"]
[BlackElo "1496"]
[PlyCount "53"]
[EventDate "2021.06.08"]
[EventType "swiss"]
[EventRounds "9"]
[EventCountry "UKR"]
[SourceTitle "EXT 2023"]
[Source "ChessBase"]
[SourceDate "2022.10.05"]
[SourceVersion "1"]
[SourceVersionDate "2022.10.05"]
[SourceQuality "1"]

1. e4 e5 2. Nf3 Nf6 3. Nxe5 d6 4. Nf3 Nxe4 5. d3 Nf6 6. Qe2+ Qe7 7. Bg5 Qxe2+ 8. Bxe2 Be7 9. Nc3 c6 10. 0-0-0 0-0 11. d4 Be6 12. Rhe1 b5 13. d5 Nxd5 14. Bxe7 Nxe7 15. Rxd6 b4 16. Na4 Bd5 17. Ba6 Nxa6 18. Rxe7 Rfe8 19. Rdd7 Rxe7 20. Rxe7 Kf8 21. Re3 Re8 22. Ne5 Re7 23. f3 f6 24. Ng4 Rxe3 25. Nxe3 Nc7 26. Nxd5 Nxd5 27. Kd2 1/2-1/2

[Event "Mariupol CC 50th Aniversary"]
[Site "Mariupol"]
[Date "2021.06.11"]
[Round "6"]
[White "Agudova, Olga"]
[Black "Basova, Yuliya"]
[Result "1-0"]
[WhiteElo "1942"]
[BlackElo "1496"]
[PlyCount "73"]
[EventDate "2021.06.08"]
[EventType "swiss"]
[EventRounds "9"]
[EventCountry "UKR"]
[SourceTitle "EXT 2023"]
[Source "ChessBase"]
[SourceDate "2022.10.05"]
[SourceVersion "1"]
[SourceVersionDate "2022.10.05"]
[SourceQuality "1"]

1. e4 c5 2. Nf3 Nc6 3. c3 d5 4. exd5 Qxd5 5. d4 Bg4 6. dxc5 Qxd1+ 7. Kxd1 e5 8. b4 e4 9. h3 Bxf3+ 10. gxf3 exf3 11. Bf4 0-0-0+ 12. Kc2 g6 13. Bc4 Rd7 14. Nd2 Bg7 15. Rae1 Nf6 16. Nxf3 Rhd8 17. b5 Na5 18. c6 Nxc4 19. cxd7+ Rxd7 20. Ne5 Nxe5 21. Rxe5 Rc7 22. Re3 Rc5 23. Be5 Rxb5 24. Rd1 b6 25. a4 Ra5 26. Kb3 Kb7 27. Bxf6 Bxf6 28. Rd7+ Ka6 29. Rf3 Rf5 30. Rxf5 gxf5 31. Rxf7 Bh4 32. Rxf5 Be7 33. f3 h6 34. Rf7 Bc5 35. f4 Bd6 36. f5 Be5 37. Rh7 1-0

[Event "EU-ch Online U12 Girls"]
[Site "Tornelo INT"]
[Date "2020.09.20"]
[Round "8"]
[White "Basova, Yuliya"]
[Black "Svergina, Sofya"]
[Result "1-0"]
[WhiteElo "1662"]
[BlackElo "1401"]
[PlyCount "141"]
[EventDate "2020.09.18"]
[EventType "swiss (rapid)"]
[EventRounds "9"]
[EventCountry "NET"]
[SourceTitle "EXT 2023"]
[Source "ChessBase"]
[SourceDate "2022.10.05"]
[SourceVersion "1"]
[SourceVersionDate "2022.10.05"]
[SourceQuality "1"]
[WhiteTeam "Ukraine"]
[BlackTeam "Russia"]
[WhiteTeamCountry "UKR"]
[BlackTeamCountry "RUS"]

1. e4 c5 2. Nf3 e6 3. d4 cxd4 4. Nxd4 Nf6 5. Nc3 d6 6. Be3 Nc6 7. f3 a6 8. Qd2 Nxd4 9. Bxd4 Qa5 10. 0-0-0 e5 11. Be3 Be6 12. Kb1 0-0-0 13. Nd5 Qxd2 14. Rxd2 Bxd5 15. exd5 Kb8 16. g3 g6 17. Bh3 Kc7 18. Rd3 b6 19. Rc3+ Kb7 20. Rd1 Bg7 21. Rb3 b5 22. a4 Rb8 23. axb5 axb5 24. Rxb5+ Ka6 25. Rxb8 Rxb8 26. Bf1+ Kb7 27. Rd3 Kc7 28. Rc3+ Kd7 29. Bh3+ Ke8 30. Rd3 e4 31. fxe4 Nxe4 32. Rb3 Rxb3 33. cxb3 f5 34. b4 Be5 35. b5 Kd8 36. Ka2 Kc7 37. Ka3 Nc5 38. b4 Nd7 39. Ka4 Nb6+ 40. Bxb6+ Kxb6 41. Bg2 Bd4 42. Bf3 Bg1 43. h3 Bf2 44. g4 f4 45. Be4 Bg3 46. Bf3 Bf2 47. Be2 Be1 48. Bf3 Bf2 49. Be2 Be1 50. Bf3 Bf2 51. Be4 Be1 52. Bd3 Bf2 53. Kb3 Be1 54. Kc4 Bf2 55. Bc2 Be1 56. Bd1 Bf2 57. Be2 Be1 58. Bf3 Bf2 59. Be4 Be1 60. Bd3 Bf2 61. Be2 Be1 62. Bf3 Bf2 63. Be2 Be1 64. Bd3 Bf2 65. Bf1 Be1 66. Be2 Bf2 67. Kd3 Be1 68. Ke4 Bd2 69. Kf3 Be3 70. Bd3 Bd2 71. h4 1-0

[Event "EU-ch Online U12 Girls"]
[Site "Tornelo INT"]
[Date "2020.09.19"]
[Round "4"]
[White "Budagova, Leyla"]
[Black "Basova, Yuliya"]
[Result "1/2-1/2"]
[WhiteElo "1437"]
[BlackElo "1662"]
[PlyCount "66"]
[EventDate "2020.09.18"]
[EventType "swiss (rapid)"]
[EventRounds "9"]
[EventCountry "NET"]
[SourceTitle "EXT 2023"]
[Source "ChessBase"]
[SourceDate "2022.10.05"]
[SourceVersion "1"]
[SourceVersionDate "2022.10.05"]
[SourceQuality "1"]
[WhiteTeam "Azerbaijan"]
[BlackTeam "Ukraine"]
[WhiteTeamCountry "AZE"]
[BlackTeamCountry "UKR"]

1. e4 c5 2. Nf3 Nc6 3. d4 cxd4 4. Nxd4 g6 5. Nc3 Bg7 6. Be3 Nf6 7. Bc4 Qa5 8. 0-0 0-0 9. Bb3 d6 10. h3 Bd7 11. a3 Rac8 12. f4 Nxd4 13. Bxd4 Bc6 14. f5 Nxe4 15. Bxg7 Kxg7 16. Nxe4 Bxe4 17. fxg6 fxg6 18. Rxf8 Rxf8 19. Qd4+ Qe5 20. Qxe5+ dxe5 21. Re1 Bf5 22. Rxe5 Kf6 23. Re2 h5 24. Rd2 Rc8 25. Rf2 Kg5 26. Kh2 Rd8 27. Re2 Kf6 28. Rf2 Kg5 29. Re2 Kf6 30. Rf2 Kg5 31. Re2 Kf6 32. Rf2 Kg5 33. Re2 Kf6 1/2-1/2